| 000 | 00944 a2200229 4500 | ||
|---|---|---|---|
| 008 | 080821t xxu||||| |||| 00| 0 eng d | ||
| 010 | _aENG-84994 | ||
| 020 |
_a8120329570 _c175.00 |
||
| 035 | _aEN-68527 | ||
| 037 | _bD.B.Act / Pub | ||
| 082 | _a543.089 | ||
| 100 | _aNag, A. | ||
| 245 |
_aAnalytical techniques in agriculture, biotechnology and environmental engineering _cby A. Nag |
||
| 260 |
_aNew Delhi _bPrentice-Hall of India _c2006 |
||
| 300 |
_axi, 172 p. ; _c24 cm. (Pbk) |
||
| 500 | _aIncludes bibliographical references and index | ||
| 650 |
_aAgriculture _xanalytical techniques |
||
| 650 |
_aBiotechnology _xanalytical techniques |
||
| 650 |
_aEnvironmental engineering _xanalytical techniques |
||
| 942 |
_adpl _cEN _k543.089 / NAG _2ddc _h543.089 _m NAG |
||
| 999 |
_c847 _d847 |
||